| 000 | 02080cam a22001934a 4500 | ||
|---|---|---|---|
| 005 | 20250605164104.0 | ||
| 008 | 250528s ||||||||||||||||||||||||d | ||
| 035 | _a17684 | ||
| 020 | _a9789606698491 | ||
| 040 |
_aGR-AtMCL _bgre _dGR-AtMCL _eAACR2 |
||
| 245 | 1 | _aΚαπιταλισμός έκτος Νόμου / Η Οικονομία του παρασκηνίου | |
| 260 |
_bΗμερησία Α.Ε, _c2014 |
||
| 300 | _a320 | ||
| 520 | _aΈνας καπιταλισμός σκοτεινός και κερδοσκοπικός αντιστρατεύεται σήμερα τον καπιταλισμό εκείνο που λειτουργεί εντός ρυθμιστικού πλαισίου. Πρόλογος, Τα Παρασκήνια του Καζίνου, Η Υποκρισία των Τραπεζιτών, Μια Βραδυφλεγής Βόμβα, Επικίνδυνες Σχέσεις, Οι Οίκοι Αξιολόγησης είναι Παντοτινοί, Οι Φορολογικοί Παράδεισοι δεν είναι εκεί που νομίζουμε, Κερδοσκοπία και Καλάθι της Νοικοκυράς, Η Αυτοκρατορία του Παγκόσμιου Εμπορίου, Οι Ασάλευτοι Χωροφύλακες, Όταν η Αριστερά Απελευθερώνει την Αγορά, Είναι Πιθανό ένα Νέο Κραχ;, Ορίστε - Περάστε Μιλόρδοι μου, Οι Ανίκανοι Επιστρέφουν, Άνθρωποι τόσο Ξεχωριστοί, Τα Hedge Funds ή όταν Βγαίνουν Όλοι Κερδισμένοι, Ο Αδύναμος Κρίκος της Ευρώπης, Οι Σιωπηλοί Συνένοχοι, Ο Κόσμος του Αργού Πετρελαίου, Ο Πόλεμος των Μετάλλων, Κρατικά Επενδυτικά Ταμεία: Ένα Αόρατο Όπλο, Είναι Πιθανό ένα Νέο Κράχ;, Γλωσσάριο, Βιβλιογραφία. | ||
| 700 | 1 |
_aMarc Roche _93856 |
|
| 942 | _cBK | ||
| 999 |
_c3086 _d3086 |
||